000 00684nam a2200253Ia 4500
003 OSt
005 20220928131352.0
006 a|||||r|||| 00| 0
007 ta
008 220927b |||||||| |||| 00| 0 eng d
024 _a70577
037 _cTextual
040 _aSDCL
_cSDCL
_beng
041 _2eng
_aeng
082 _aX65291, P7
100 _aStrong Robert A
245 0 _aPortfolio construction management and protection
250 _a4
260 _aAustralia
_bThomson South Western
_c2007
300 _axxiv,664p
_ccm.
650 _aPortfolio Management
_9436461
942 _hX65291, P7
_cTEXL
_2CC
999 _c790332
_d790332